Datum a čas kvízu
24
Celkem bodů
Celkový počet nahraných bodů na tomto kvízu bez doplňovacích otázek.
1.
Pořadí na kvízu
Konečné umístění týmu na tomto kvízu.
Zaznamenané odpovědi
| # | Otázka | Odpověď | Body | Výsledky |
|---|---|---|---|---|
| 1. | Premiér Babiš minulý týden ozn... | Karel Havlíček, Vladimír Kremlík | 0 | |
| 2. | Britská premiérka Mayová souhl... | 31. října | 1 | |
| 3. | Deset koncertů a dost! Jak se... | Spirituál kvintet | 1 | |
| 4. | Na konci března ochranka pražs... | Raiffeisenbank | 1 | |
| 5. | Bývalý kapitán reprezentace On... | ve volejbale | 0 | |
| 6. | V tomto tématu se podíváme na... | Všechno bude, Zelená kniha | 0.5 | |
| 5. | Jak se jmenuje komediální road... | Blbý a blbější | 1 | |
| 8. | Na komediální road movie Pařba... | Bangkok | 1 | |
| 5. | V roce 1984 natočil režisér Wi... | Paříž, Texas | 0 | |
| 10. | Jistou formou road movies jsou... | v Argentině | 1 |